zpět

Detail výsledku týmu

Pivnice Kateřinská 10, Olomouc

Datum a čas kvízu

20.5 Celkem bodů Celkový počet nahraných bodů na tomto kvízu bez doplňovacích otázek.
7. Pořadí na kvízu Konečné umístění týmu na tomto kvízu.

Zaznamenané odpovědi

# Otázka Odpověď Body Výsledky
1. Do aplikace eRecept přibyla od... ověření dostupnosti předepsaného léku 0
2. Kanaďan Nick Chowdhury před 33... A 1
3. Jednu miliardu dolarů. Tolik j... Queen 0
4. Minulý týden oznámili organizá... v Ženevě 1
5. V pondělí se v anglickém Brock... sýr 1
6. Kterým výrazem na písmeno M se... mixologie 0
7. Ernest Hemingway měl údajně v... Daiquiri 0
8. Oblíbenou složkou míchaných ná... z pomerančů 0
9. Hlavní hrdina filmu Big Lebows... White Russian (Bílý Rus, Bílý medvěd) 0
10. V poslední otázce se podíváme... vaječný likér; griotku 0.5